00322nam a2200133Ia 4500003000900000008004100009040001300050040001300063100002000076245007000096260000800166300000800174490000600182IT-RoPAU120407s9999 xx 000 0 und d aIT-RoPAU cIT-RoPAU aFranco Molinari aModernismo e antimodernismo in una città di privincia: Piacenza aTep c cm v1